00733nam a22002417a 450000500170000001000130001702000230003003500130005303700160006604000120008208200150009410000220010924501260013125000110025726000440026827000470031230000320035950000190039165000140041065000250042470000200044970000220046920170124110157.0 aA-933872 c225.00a8120312457 aA-933872 bCen Lib/Ret aDPLbEN a658.8bREE aReeder, Robert R. aIndustrial marketing : cby Robert R. Reeder, Edward G. Brierty [and] Betty H. Reederbanalysis, planning, and control / a2nd ed aNew DelhibPrentice-Hall of Indiac1997 aM-97, Connaught Circus bNew Delhie110001 axvi,670p. :c23cm(Hb)bill. aIncludes index aMarketing aIndustrial marketing aReeder, Betty H aBrierty, Edward G